[Event "Niedersachsen-chT U14"]
[Site "Verden"]
[Date "2001.05.26"]
[Round "6.3"]
[White "Mueller, Aida"]
[Black "Walther, Jakob"]
[Result "0-1"]
[WhiteElo "839"]
[BlackElo "1208"]
[PlyCount "64"]
[EventDate "2001.05.??"]
[EventType "team-tourn"]
[EventRounds "7"]
[EventCountry "GER"]
[SourceTitle "EXT 2003"]
[Source "ChessBase"]
[SourceDate "2002.11.25"]
[SourceVersion "1"]
[SourceVersionDate "2002.11.25"]
[SourceQuality "1"]

1. e4 e5 2. Nf3 Nc6 3. Bb5 a6 4. Bxc6 dxc6 5. Nxe5 Qd4 6. Nf3 Qxe4+ 7. Qe2 Qxe2+ 8. Kxe2 Nf6 9. Re1 Bd6 10. Kf1+ Be6 11. Nc3 0-0 12. d3 h6 13. Kg1 Rfe8 14. Bd2 Re7 15. Re2 Rae8 16. Rae1 Nd5 17. Kf1 Nb4 18. Be3 Nxa2 19. Nxa2 Bxa2 20. Ra1 Bd5 21. h3 Bxf3 22. gxf3 Re5 23. Rae1 Rh5 24. Kg2 Re6 25. f4 Rf6 26. Kg3 g5 27. Bd4 gxf4+ 28. Kf3 Rg6 29. c4 Rxh3+ 30. Ke4 f3 31. Re3 Rg4+ 32. Kf5 Rf4# 0-1

[Event "Niedersachsen-chT U14"]
[Site "Verden"]
[Date "2001.05.25"]
[Round "4.3"]
[White "Mueller, Aida"]
[Black "Ahlers, Hendrik"]
[Result "1/2-1/2"]
[WhiteElo "839"]
[BlackElo "1061"]
[PlyCount "102"]
[EventDate "2001.05.??"]
[EventType "team-tourn"]
[EventRounds "7"]
[EventCountry "GER"]
[SourceTitle "EXT 2003"]
[Source "ChessBase"]
[SourceDate "2002.11.25"]
[SourceVersion "1"]
[SourceVersionDate "2002.11.25"]
[SourceQuality "1"]

1. e4 e5 2. Nf3 Nc6 3. Bb5 Nf6 4. Nc3 a6 5. Bxc6 dxc6 6. Nxe5 Qe7 7. Nf3 Nxe4 8. Qe2 Nxc3 9. Qxe7+ Bxe7 10. bxc3 Bf5 11. d3 Bf6 12. Bb2 0-0 13. 0-0 b5 14. Nd4 Bd7 15. Ba3 Rfe8 16. Rae1 a5 17. Bc5 Rad8 18. Rxe8+ Rxe8 19. c4 bxc4 20. dxc4 Bxd4 21. Bxd4 Be6 22. Re1 Rc8 23. Bc3 Ra8 24. Rd1 f6 25. Rd4 Kf7 26. Rh4 Bf5 27. Rh5 Kg6 28. Rh4 a4 29. a3 Bxc2 30. Rd4 Rb8 31. f3 Bb3 32. Ba5 Rb7 33. c5 Rb5 34. Bxc7 Rxc5 35. Bd6 Rd5 36. Rxd5 cxd5 37. Kf2 Kf5 38. Ke3 Ke6 39. Bf8 g6 40. g4 f5 41. gxf5+ Kxf5 42. Be7 h5 43. h4 d4+ 44. Kxd4 Kf4 45. Bd8 Kxf3 46. Ke5 Kg4 47. Bf6 Kf3 48. Bg5 Kg4 49. Kf6 Bc2 50. Ke5 Bb3 51. Kf6 Bc2 1/2-1/2

[Event "Niedersachsen-chT U14"]
[Site "Verden"]
[Date "2001.05.24"]
[Round "1.3"]
[White "Konrad, Maximilian"]
[Black "Mueller, Aida"]
[Result "0-1"]
[WhiteElo "1083"]
[BlackElo "839"]
[PlyCount "90"]
[EventDate "2001.05.??"]
[EventType "team-tourn"]
[EventRounds "7"]
[EventCountry "GER"]
[SourceTitle "EXT 2003"]
[Source "ChessBase"]
[SourceDate "2002.11.25"]
[SourceVersion "1"]
[SourceVersionDate "2002.11.25"]
[SourceQuality "1"]

1. d4 d5 2. Nf3 Nf6 3. e3 Nc6 4. Bd3 Bg4 5. Nbd2 e6 6. 0-0 Bd6 7. h3 Bh5 8. g4 Bg6 9. Bxg6 hxg6 10. Ng5 Nh7 11. Ngf3 e5 12. Kg2 e4 13. Ne1 Ng5 14. Rh1 f5 15. f4 Ne6 16. Qe2 Rh4 17. Nf1 fxg4 18. hxg4 Rxh1 19. Kxh1 g5 20. Ng2 gxf4 21. exf4 Ncxd4 22. Qf2 Qf6 23. Be3 0-0-0 24. f5 Rh8+ 25. Nh4 Rxh4+ 26. Kg2 Rxg4+ 27. Kh1 Qxf5 28. Qxf5 Nxf5 29. Bf2 Be5 30. c3 d4 31. cxd4 Bxd4 32. Bxd4 Nexd4 33. Re1 Nf3 34. Nh2 Nxe1 35. Nxg4 e3 36. Kg1 e2 37. Kf2 Nd3+ 38. Kxe2 Nxb2 39. Ne5 g5 40. Ng4 c5 41. Kd2 b5 42. Kc3 Na4+ 43. Kb3 c4+ 44. Kc2 c3 45. Ne3 Nxe3+ 0-1

[Event "Niedersachsen-ch U14 Girls"]
[Site "Rotenburg"]
[Date "2001.04.??"]
[Round "5"]
[White "Aulbert, Julia"]
[Black "Mueller, Aida"]
[Result "1/2-1/2"]
[WhiteElo "1080"]
[BlackElo "853"]
[PlyCount "115"]
[EventDate "2001.04.??"]
[EventType "swiss"]
[EventRounds "7"]
[EventCountry "GER"]
[SourceTitle "EXT 2003"]
[Source "ChessBase"]
[SourceDate "2002.11.25"]
[SourceVersion "1"]
[SourceVersionDate "2002.11.25"]
[SourceQuality "1"]

1. e4 e5 2. Nf3 Nc6 3. Bc4 Bc5 4. d3 d6 5. Nc3 Bg4 6. 0-0 Nf6 7. Bg5 Bd4 8. Rb1 Bxc3 9. bxc3 b6 10. Bd5 Qd7 11. Bc4 d5 12. Bxf6 gxf6 13. Bxd5 0-0-0 14. Qe2 Rhg8 15. g3 Rg7 16. d4 Rdg8 17. Qa6+ Kd8 18. Bxc6 Qxc6 19. Qd3 Bh3 20. dxe5+ Qd7 21. Qxd7+ Kxd7 22. Rfd1+ Ke7 23. exf6+ Kxf6 24. Rd2 Rg4 25. e5+ Kf5 26. Rd4 Rxd4 27. cxd4 Ke4 28. Nd2+ Kxd4 29. Re1 Kc3 30. Ne4+ Kxc2 31. Re3 a5 32. Rc3+ Kb2 33. a3 b5 34. Rxc7 b4 35. axb4 axb4 36. Rb7 b3 37. Nd2 Be6 38. Rc7 Rc8 39. Rxc8 Bxc8 40. Nc4+ Kc3 41. Na3 b2 42. Kf1 Kb3 43. Nb1 Bf5 44. Nd2+ Kc2 45. Ke1 Kc3 46. f4 h5 47. h4 b1Q+ 48. Nxb1+ Bxb1 49. Kf2 Kd3 50. Kf3 Kd4 51. g4 Be4+ 52. Kg3 Ke3 53. gxh5 Ke2 54. Kg4 Ke3 55. Kg5 Kf3 56. h6 Bg6 57. Kf6 Kg4 58. Kg7 1/2-1/2